1649 1347 1769 1242 1966 1079 1029 1449 1448 1787 1511 1222 1079 1123 1268 1980 1743 1179 1250 1293 1786 1940 1237 1882 1666 1172 1976 1672 1488 1346 1212 1672 1652 1468 1272 1117 1133 1874 1447 1056 1424 1289 1622 1455 1757 1866 1126 1925 1388 1679 1153 1718 1854 1658 1347 1413 1943 1171 1664 1675 1426 1389 1077 1329 1707 1124 1805 1147 1434 1959 1519 1553 1073 1026 1350 1157 1241 1329 1862 1783 1667 1428 1749 1131 1381 1964 1462 1362 1241 1272 1089 1369 1978 1649 1357 1407 1338 1496 1411 BCNSPRNW ULIB Ver.6.0+V

เปลี่ยนเป็นภาษาไทย

Change to English
 แสดงรายละเอียดบรรณานุกรม
  กลับหน้าหลัก

Brief Record : Get Marc (ISO 2709) : E-mail record : QR code < ปิดหน้าต่าง
LEADER : 00000nam 2200000uu 4500
001    13399120062
003     ULIB
008    120828s2549||||th 000 0 tha d
020    ^a9789749454725
090    ^aนว.^bซ510ด 2549
100 0  ^aเซเรีย
245 00 ^aดอารี่ออฟเลิฟ/^cเซเรีย
250    ^aพิมพ์ครั้งที่ 1
260    ^aกรุงเทพฯ :^bZ-Girl,^c2549
300    ^a222 หน้า
710 1  ^aZ-Girl
945    ^p150^l0^i24567
995    ^aกัณชพร
999 ^a ใช้งานได้ทุกระบบ
รายการนี้ยังไม่มีแท็ก
คุณยังไม่ได้ล็อกอิน คุณสามารถมีกิจกรรมร่วมกับเว็บไซต์ได้ แต่ต้องล็อกอินก่อน ::
  ล็อกอิน

รายการสื่อสารสนเทศ

ลำดับที่ ประเภท เลขเรียก/บาร์โค้ด สถานที่ สถานะ
1. นวนิยาย
นวนิยาย
นว. ซ510ด 2549  
  Barcode: 24567
ห้องสมุดวิทยาเขตสวรรค์ประชารักษ์
►นวนิยาย
บนชั้น
  ขอยืม

BibComment


ยังไม่เคยถูกคอมเมนท์

คอมเมนท์ทรัพยากรรายการนี้
  คอมเมนท์: ดอารี่ออฟเลิฟ เซ..


 Copyright 2026. Bcnsprnw @Library